000 nam a22 7a 4500
999 _c150400
_d150398
005 20190815115344.0
008 190812b sp ||||| |||| 00| 0 spa d
020 _a8481553654
050 0 4 _aKKT2476
_bE83 1998
100 1 _aEscobar de la Serna, Luis,
_d1936-2004.
245 1 0 _aDerecho de la información
_c/ Luis Escobar de la Serna.
250 _a1a ed.
260 _aMéxico :
_bDykinson,
_c1998.
300 _a639 p. ;
_c25 cm.
504 _aBibliografía : p.591-639.
650 7 _2lemb
_aLibertad de información
_zEspaña
650 7 _aLibertad de prensa
_zEspaña
942 _2lcc
_cLIB